=LDR 00000nam 2200000 4500 =001 001168 =005 20250710115628 =035 ##$$a 0010-0725000055 =007 ta =008 250710################a##########0#ind## =020 ##$$a 978-623-307-190-1 =082 ##$$a 398.209 598 2 =084 ##$$a 398.209 598 2 SAP p =100 #$$a Saptorini =245 1#$$a Penabuh gong /$c Saptorini =250 ##$$a Cetakn pertama =260 ##$$a Rawamangun :$b Badan pengembangan dan pembinaan bahasa,$c 2024 =300 ##$$a 28 hlm. : $b Ilus. ; $c 29,7 cm =856 ##$$a TBM As suhada